Vývoj digitálneho regulátora neholonomného systému

Salvato in:
Dettagli Bibliografici
Autore principale: Montaňo Jacanamijoy, Baker Bawers (Autore)
Altri autori: Vlnka, Ján (Relatore della tesi)
Natura: Manoscritto Libro
Lingua:slovacco
Pubblicazione: 2016
Soggetti:
Accesso online:http://is.stuba.sk/zp/portal_zp.pl?podrobnosti=133581
Tags: Aggiungi Tag
Nessun Tag, puoi essere il primo ad aggiungerne!!

MARC

LEADER 00000ntm a22000003a 4500
001 stuzp57820
003 SK-STU
005 20160719155355.1
007 ta
008 150427s2015----xo-----f-mn---000-0-slo-d
040 |a STU  |b slo 
041 0 |a slo 
100 1 |a Montaňo Jacanamijoy, Baker Bawers  |u 020020  |k Z4  |4 aut  |U SjF Strojnícka fakulta  |T SjF Ústav automatizácie, merania a aplikovanej informatiky  |X 9879  |U J0020  |Y 802  |7 A000009879 
242 0 1 |a Development of a Digital Controller for a nonholonomic system  |y eng 
245 1 0 |a Vývoj digitálneho regulátora neholonomného systému 
260 |c 2016 
650 4 |a hovercraft  |2 slo 
650 4 |a vznášadlo  |2 slo 
650 4 |a LRQ regulátor  |2 slo 
650 4 |a hovercraft  |2 eng 
650 4 |a LQR control  |2 eng 
650 4 |a Arduino  |2 eng 
700 1 |a Vlnka, Ján  |u 020020  |k Z1  |4 ths  |U SjF Strojnícka fakulta  |T SjF Ústav automatizácie, merania a aplikovanej informatiky  |X 2405  |U J0020  |Y 802  |7 A000002405 
856 4 |u http://is.stuba.sk/zp/portal_zp.pl?podrobnosti=133581 
SQL |a stuzp57820  |b DDP  |c SLO  |d Vývoj digitálneho regulátora neholonomného systému  |e 9879  |f Montaňo Jacanamijoy, Baker Bawers  |g 020020  |h 2405  |i Vlnka, Ján  |j 20160616  |k 1325  |l 02  |m http://is.stuba.sk/zp/portal_zp.pl?podrobnosti=133581  |n I-AMAM  |o 5.1.7. aplikovaná mechanika, 5.2.16. mechatronika